Представление документа в формате MARC21

Поле Инд. ПП Название Значение
Тип записи a
Библиографический уровень b
001 Контрольный номер RU/IS/BASE/125598077
005 Дата корректировки 20200522190817.4
084 a Индекс другой классификации/Индекс ББК 65.29; 65.9(7США)-18
100 1_ a Автор Петров В.
q Полное имя Петров Владимир
245 a Заглавие Либерализм бизнеса в США
504 a Библиография Лит. в конце статьи
520 a Аннотация Ретроспективный взгляд на становление и функционирование механизмов государственного регулирования американской экономики на фоне процессов глобализации и обострения конкурентной борьбы на мировом рынке. В статье рассмотрены особенности политики американского государства в области налогообложения, государственного регулирования и дерегулирования на отраслевом уровне
650 a Основная рубрика бизнес
a Основная рубрика экономика
653 a Ключевые слова бюджет
a Ключевые слова внутренний долг
a Ключевые слова глобализация экономики
a Ключевые слова глобальный капитализм
a Ключевые слова государственная безопасность
a Ключевые слова государственное регулирование
a Ключевые слова государственный долг
a Ключевые слова доллар США
a Ключевые слова естественные монополии
a Ключевые слова конкурентная борьба
a Ключевые слова кредитно-денежная политика
a Ключевые слова накопление капитала
a Ключевые слова налоговая политика
a Ключевые слова налоговые реформы
a Ключевые слова неолиберальный капитализм
a Ключевые слова перепроизводство товаров
a Ключевые слова развитие промышленности
a Ключевые слова рыночная экономика
a Ключевые слова свободное предпринимательство
a Ключевые слова социально-экономическое развитие
a Ключевые слова США
a Ключевые слова телекоммуникации
a Ключевые слова торговый баланс
a Ключевые слова финансовый контроль
a Ключевые слова частное предпринимательство
a Ключевые слова экономическая политика
a Ключевые слова экономический либерализм
a Ключевые слова экономическое дерегулирование
a Ключевые слова энергетическая политика
773 t Заглавие источника РИСК: ресурсы, информация, снабжение, конкуренция
d Дата издания источника 2003
g Прочая информация № 3. - С. 72 - 81
w Контрольный № источника RU/IS/BASE/121272722
901 t Тип документа b